| 000 | 01171nam a2200229Ia 4500 | ||
|---|---|---|---|
| 003 | Ost | ||
| 005 | 20260507075613.0 | ||
| 008 | 260507s9999||||xx |||||||||||||| ||und|| | ||
| 020 | _a995707119X | ||
| 040 | _cfsecg | ||
| 041 | _aara | ||
| 082 | _a658.15 | ||
| 100 |
_aالزغبي، هيثم محمد _eمؤلف |
||
| 245 | 0 |
_aالإدارة والتحليل المالي / _c هيثم محمد الزغبي |
|
| 260 |
_aعمان: _bدار الافكر للطباعة والنشر والتوزيع, _c2000 |
||
| 300 |
_a374 صفحة؛ _bإيضاحات ؛ _c24 سم |
||
| 504 | _aالمراجع ص.373 | ||
| 520 | _aالادارة المالية، السياسات المالية، مصادر التمويل، العوامل المحددة لأنواع التمويل، ادارة الموجودات، التحليل المالي، ادوات التحليل المالي، التحليل المالي بالنسب، تحليل التعادل، تحليل التعادل، تحليل الرفع، التخطيط المالي، الرياضة المالية | ||
| 653 | _aالادارة المالية | ||
| 653 | _aالمالية العامة | ||
| 942 | _cكتاب | ||
| 999 |
_c45094 _d45094 |
||